00716nam a2200241 a 4500001001300000003000900013005001700022008004100039020001000080082001800090100002000108245006200128260003300190300000900223500003500232505001100267650002800278700002000306902000800326942000700334952011800341999001500459nice12345678IN_TiNIC20260116012042.0050524s1965 newa grp 000 0 eng  ac10000a284.1092bBEN aBennett, Lerone aWhat Manner of Manb Biography of Martin Luther King, Jr. aNew YorkbPyramid Bookc1965 a191p aincludes index and biblioraphy2 aIllus. aMartin Luther-Biography1 aBennett, Lerone bSRS cBK 001040708StackRoom-aHMIbHMId2007-07-19g100.00l0o284.1092 BENp05987r2007-07-19v100.00w2005-05-24yBK c5436d5436